Central Library OPAC University of Rajshahi

New bearings in English poetry : (Record no. 53195)

MARC details
000 -LEADER
fixed length control field 00698nam a2200217 a 4500
001 - CONTROL NUMBER
control field 53195
003 - CONTROL NUMBER IDENTIFIER
rucl marc code BD-RjUL
005 - DATE AND TIME OF LATEST TRANSACTION
control field 20211209075926.0
008 - FIXED-LENGTH DATA ELEMENTS--GENERAL INFORMATION
fixed length control field 161004s1961 enk b 00010 eng d
035 ## - SYSTEM CONTROL NUMBER
System control number (BD-RjUL)53315
040 ## - CATALOGING SOURCE
Original cataloging agency ANL
Language of cataloging eng
Modifying agency VBAX
Transcribing agency BD-RjUL
041 ## - LANGUAGE CODE
Language code of text/sound track or separate title eng
082 1# - DEWEY DECIMAL CLASSIFICATION NUMBER
Classification number 821.9
Edition number 23
Author mark and year LEN 1961
100 1# - MAIN ENTRY--PERSONAL NAME
Personal name Leavis, F. R.
Fuller form of name (Frank Raymond),
Dates associated with a name 1895-1978.
9 (RLIN) 159013
245 10 - TITLE STATEMENT
Title New bearings in English poetry :
Remainder of title a study of the contemporary situation /
Statement of responsibility, etc. F.R. Leavis.
250 ## - EDITION STATEMENT
Edition statement New ed.
260 ## - PUBLICATION, DISTRIBUTION, ETC. (IMPRINT)
Place of publication, distribution, etc. London :
Name of publisher, distributor, etc. Chatto & Windus,
Date of publication, distribution, etc. 1932 [reprinted 1961]
300 ## - PHYSICAL DESCRIPTION
Pagination 238 p. ;
Size 19 cm.
650 #0 - SUBJECT ADDED ENTRY--TOPICAL TERM
Topical term or geographic name as entry element English poetry
Chronological subdivision 20th century
General subdivision History and criticism.
9 (RLIN) 159014
942 ## - ADDED ENTRY ELEMENTS (KOHA)
Source of classification or shelving scheme Dewey Decimal Classification
Koha item type Books
Holdings
Lost status Source of classification or shelving scheme Damaged status Not for loan Collection code Permanent Location Current Location Shelving location Date acquired Source of acquisition Cost, normal purchase price Total Checkouts Full call number Date last seen Copy number Koha item type
  Dewey Decimal Classification     Non-fiction Central Library, University of Rajshahi Central Library, University of Rajshahi   06/03/1964 Zeitlinger 12.06   821.9 LEN 1961 04/10/2016 C-2 Books
  Dewey Decimal Classification   Not For Loan Non-fiction Central Library, University of Rajshahi Central Library, University of Rajshahi Reading Room 05/07/1955 Cassel and Co. Ltd. 4.04   821.9 LEN 1954 06/03/2017 C-1 Books